| 000 | 00630nam a2200181 a 4500 | ||
|---|---|---|---|
| 001 | 000016606 | ||
| 005 | 20200929164933.0 | ||
| 008 | 100308s1990 dr a 000 0 spa d | ||
| 040 |
_aDO-SdBNP _bspa _cBNPHU |
||
| 082 |
_a796.3232 _bR337o |
||
| 245 | 0 | 0 |
_aReglas oficiales de baloncesto / : _by manual del juez / _cprólogo Massiel Paredes L. |
| 260 |
_aSanto Domingo : _bSEDEFIR, _c[1990]. |
||
| 300 |
_a80 p. : _bil. ; _c18 cm. |
||
| 650 | 4 |
_aBaloncesto _xReglamentos _936898 |
|
| 700 | 1 |
_aParedes L. , Massiel _epról. _936899 |
|
| 710 | 2 |
_aSecretaría de Estado de Deportes, Educación Física y Recreación _936895 |
|
| 049 | _aBNPD | ||
| 999 |
_c16139 _d16139 |
||